| 000 | 01749cam a2200445 a 4500 | ||
|---|---|---|---|
| 001 | 14602733 | ||
| 005 | 20241220120913.0 | ||
| 008 | 061020s2007 nyua c 000 f eng | ||
| 010 | _a 2006031847 | ||
| 020 | _a0810993139 (paper over board) | ||
| 020 | _a9780810993136 (paper over board) | ||
| 035 | _a(OCoLC)ocm74029165 | ||
| 035 | _a(OCoLC)74029165 | ||
| 037 |
_bJunior Library Guild _nhttp://www.juniorlibraryguild.com |
||
| 040 |
_aDLC _cDLC _dBAKER _dBTCTA _dTEF _dYDXCP _dEHH _dDLC _erda |
||
| 042 | _alcac | ||
| 050 | 0 | 0 |
_aPZ7.K6232 _bDi 2007 |
| 082 | 0 | 0 |
_a[Fic] _222 |
| 092 | _aF | ||
| 100 | 1 | _aKinney, Jeff. | |
| 245 | 1 | 0 |
_aDiary of a wimpy kid : _bGreg Heffley's journal / _cby Jeff Kinney. |
| 260 |
_aNew York : _bAmulet Books, _cc2007. |
||
| 264 |
_aNew York : _bAmulet Books, _cc2007. |
||
| 300 |
_a217 p. : _bill. ; _c22 cm. |
||
| 336 | _atext | ||
| 337 | _aunmediated | ||
| 338 | _avolume | ||
| 520 | _aGreg records his sixth grade experiences in a middle school where he and his best friend, Rowley, undersized weaklings amid boys who need to shave twice daily, hope just to survive, but when Rowley grows more popular, Greg must take drastic measures to save their friendship. | ||
| 586 | 8 | _aA Junior Library Guild selection | |
| 650 | 0 |
_aMiddle schools _vJuvenile fiction. _95675274 |
|
| 650 | 0 |
_aFriendship _vJuvenile fiction. _95673647 |
|
| 650 | 0 |
_aSchools _vJuvenile fiction. |
|
| 650 | 0 |
_aDiaries _vJuvenile fiction. _95675979 |
|
| 650 | 1 |
_aMiddle schools _vFiction. _95675986 |
|
| 650 | 1 |
_aFriendship _vFiction. _95673769 |
|
| 650 | 1 |
_aSchools _vFiction. _95673727 |
|
| 650 | 1 |
_aDiaries _vFiction. _95674805 |
|
| 650 | 1 | _aHumorous stories. | |
| 942 |
_2ddc _cBOOK |
||
| 999 |
_c48552 _d48552 |
||